书目信息 |
| 题名: |
中国植物园参观指南
|
|
| 作者: | 黎盛臣 主编 | |
| 分册: | ||
| 出版信息: | 北京 金盾出版社 1991.02 |
|
| 页数: | 338页 | |
| 开本: | 20cm | |
| 丛书名: | ||
| 单 册: | ||
| 中图分类: | Q94-339 | |
| 科图分类: | ||
| 主题词: | 植物学--研究 , 植物学--实验 | |
| 电子资源: | ||
| ISBN: | 7-80022-294-2 | |
| 000 | 00621nam0 2200205 450 | |
| 001 | 0836769776 | |
| 005 | 20080916101438.07 | |
| 010 | @a7-80022-294-2@dCNY6.00 | |
| 100 | @a20080916d1991 km y0chiy0120 ea | |
| 101 | 0 | @achi |
| 102 | @aCN@b110000 | |
| 200 | 1 | @a中国植物园参观指南@Azhong guo zhi wu yuan can guan zhi nan@f黎盛臣主编@Fli sheng chen zhu bian |
| 210 | @a北京@c金盾出版社@d1991.02 | |
| 215 | @a338页@d20cm | |
| 606 | 0 | @a植物学@x研究 |
| 606 | 0 | @a植物学@x实验 |
| 690 | @aQ94-339@v4 | |
| 701 | 0 | @a黎盛臣@Ali sheng chen@4主编 |
| 801 | 0 | @aCN@b大连网信软件有限公司图书馆·11@c20080916 |
| 905 | @aBZT@dQ94-339@e7 | |
| 中国植物园参观指南/黎盛臣主编.-北京:金盾出版社,1991.02 |
| 338页;20cm |
| ISBN 7-80022-294-2:CNY6.00 |
| ● |
| 相关链接 |
|
|
|
正题名:中国植物园参观指南
索取号:Q94-339/7
 
预约/预借
| 序号 | 登录号 | 条形码 | 馆藏地/架位号 | 状态 | 备注 |
| 1 | 039196 | 201277661 | 中心书库中库/ 中库043架A面3列3层70/ [索取号:Q94-339/7] | 在馆 |